000 00290nam a22001337a 4500
008 181002b xxu||||| |||| 00| 0 eng d
020 _a
041 _aeng
080 _22nd
_a610
100 _a6
101 _aANE
245 _aThe anesthesia drugs handbook
_cOmoigui,S
942 _2udc
_cBK
999 _c48786
_d48786